| 000 | 00605nam a2200217Ia 4500 | ||
|---|---|---|---|
| 008 | 100315s9999 xx 000 0 und d | ||
| 040 | _cENGLISH | ||
| 082 |
_b10787 _a657.2 |
||
| 100 | _a"Shukla, MC, GREWAL, T.S. " | ||
| 245 | _aADVANCED ACCOUNTS | ||
| 260 |
_aNew Delhi _bS.CHAND _c1992 |
||
| 365 |
_eRupees _d1 _b0.00 |
||
| 366 | _f0 | ||
| 505 | _gVaibhav Gaikwad | ||
| 530 | _bDonated By RBI Library | ||
| 620 | _a"Advanced Accounts, Auditing, RBI Book " | ||
| 630 | _aADVANCED ACCOUNTS | ||
| 650 | _aACCOUNTING | ||
| 730 | _aADVANCED ACCOUNTS | ||
| 942 | _cBOOK | ||
| 999 |
_c485521 _d485518 |
||